000 00629nam a2200229Ia 4500
003 OSt
005 20230408113311.0
008 210423s2018 xx 000 0 und d
020 _a978-93-272-8520-8
040 _cAL
041 _aeng
082 _a174.4
_223
_bBANB
100 _aBANSAL (Sandeep K);BANSAL (Sanjeev K);BANSAL (Rama)
_984967
245 _aBusiness ethics and corporate governance Ed 3
250 _a3
260 _aLudhiana
_bKalyani Publishers
_c2018
300 _a488
_bPB
365 _b450
_cINR
650 _aEthics
_984968
906 _aBusiness ; corporate ; ethics ; governance
942 _2ddc
_cBK
999 _c169437
_d169437